Sports Quiz

Random Sports or NFL Quiz
Score 0/32 Timer 07:00
0 Plays Today
Team Player % Correct
Dallas CowboysEmmitt Smith
93.5%
Minnesota VikingsAdrian Peterson
91.4%
Detroit LionsBarry Sanders
89.5%
Los Angeles ChargersLaDainian Tomlinson
88.6%
Houston TexansArian Foster
86.1%
Chicago BearsWalter Payton
84.9%
Indianapolis ColtsEdgerrin James
84.6%
Miami DolphinsRicky Williams
84.5%
Carolina PanthersDeAngelo Williams
84.2%
Pittsburgh SteelersJerome Bettis
83.3%
Kansas City ChiefsLarry Johnson
82.6%
Seattle SeahawksShaun Alexander
78.4%
Cleveland BrownsJim Brown
77.2%
Denver BroncosTerrell Davis
76.7%
Baltimore RavensJamal Lewis
75.1%
New York GiantsTiki Barber
74.6%
Team Player % Correct
Jacksonville JaguarsFred Taylor
71.9%
New York JetsCurtis Martin
71.2%
Green Bay PackersAhman Green
70.9%
San Francisco 49ersFrank Gore
67.4%
Buffalo BillsThurman Thomas
66.9%
Washington Football TeamClinton Portis
64.1%
Cincinnati BengalsCorey Dillon
61.8%
Los Angeles RamsEric Dickerson
59.7%
Arizona CardinalsOttis Anderson
53.2%
New Orleans SaintsDeuce McAllister
52.1%
Las Vegas RaidersMarcus Allen
51.2%
Tennessee TitansEarl Campbell
41.9%
Atlanta FalconsMichael Turner
23.8%
Philadelphia EaglesWilbert Montgomery
12.4%
Tampa Bay BuccaneersJames Wilder
9.6%
New England PatriotsJim Nance
5.5%
Remove Ads.
Support Sporcle.
Get the best of Sporcle when you Go Orange. This ad-free experience offers more features, more stats, and more fun while also helping to support Sporcle. Thank you for becoming a member.

You're not logged in!

Compare scores with friends on all Sporcle quizzes.
OR
Log In

Sporcle TV

Today on Sporcle TV


Watch our educational content, quiz creation guides, and fun videos on Sporcle TV.

Show Comments

Extras

Top Quizzes Today


Score Distribution

Paid Content

Your Account Isn't Verified!

In order to create a playlist on Sporcle, you need to verify the email address you used during registration. Go to your Sporcle Settings to finish the process.

Report this User

Report this user for behavior that violates our Community Guidelines.

Details: